| 000 | 00434nam a2200205Ia 4500 | ||
|---|---|---|---|
| 001 | 13056 | ||
| 003 | GE_BSU | ||
| 008 | 181216s||||||||xx |||||||||||||| ||und|| | ||
| 020 | _a9780552127141 | ||
| 040 | _cGE_BSU | ||
| 080 | _a821.111-31 | ||
| 100 | _aBusbee,Shirlle. | ||
| 245 | 4 | _aThe tiger lily. | |
| 260 | _aLondon. | ||
| 260 | _bAvon. | ||
| 260 | _c1985 | ||
| 300 | _a256p;18cm. | ||
| 653 | _aThe tiger lily. | ||
| 942 | _cBK | ||
| 999 |
_c46223 _d46223 |
||